| 000 | 00975nam a2200265 a 4500 | ||
|---|---|---|---|
| 003 | OSt | ||
| 005 | 20131022152516.0 | ||
| 008 | 131022s2000 sz ||||| |||| 00| 0 spa d | ||
| 020 | _a92-4-320889-6 | ||
| 040 | _cBiblioteca Medicina | ||
| 041 | _aspa | ||
| 082 | _bOMS IT 889 | ||
| 110 |
_aOrganizacion Mundial de la Salud _91006 |
||
| 245 | 0 | 0 |
_aEvaluacion de residuos de ciertos farmacos de uso veterinario en los alimentos. _b50º Informe del Comite Mixto FAO/OMS de Expertos en Aditivos Alimentarios |
| 250 | _a1º ed. | ||
| 260 |
_aGinebra _bOrganizacion Mundial de la Salud _c2000 |
||
| 300 | _a109 p. | ||
| 440 | 0 | 0 |
_aInformes Tecnicos _n888 _92775 |
| 653 | _aRESIDUOS DE MEDICAMENTOS-ANALISIS | ||
| 653 | _aRESIDUOS DE MEDICAMENTOS-TOXICIDAD | ||
| 653 | _aDROGAS VETERINARIAS-TOXICIDAD | ||
| 653 | _aLIMITES PERMISIBLES-NORMAS | ||
| 942 |
_2ddc _cPH |
||
| 999 |
_c1856 _d1856 |
||
| 952 |
_pH0105 _40 _00 _bBFM _10 _oOMS IT 889 _d2013-10-22 _tEj. 1 _8NFIC _70 _cCR _2ddc _yPH _aBFM |
||